| 000 | 00489 a2200169 4500 | ||
|---|---|---|---|
| 003 | OSt | ||
| 005 | 20131001122950.0 | ||
| 008 | 131001b xxu||||| |||| 00| 0 eng d | ||
| 020 | _a9789966320360 | ||
| 040 | _cSt Paul's University | ||
| 050 |
_aHF5681.B2 _bC63 2012 |
||
| 245 |
_aCPA study text _b Financial reporting, paper no.9 |
||
| 260 |
_c2012 _bBR Professional Education Ltd _aNairobi, Kenya |
||
| 300 |
_axiv, 269 p _bill _c30 cm |
||
| 650 | _aFinancial reporting | ||
| 942 |
_cBK _2lcc |
||
| 999 |
_c42195 _d42195 |
||